Click Geographic Features on a World Map #1 - Statistics

General Stats
  • This quiz has been taken 6,722 times
  • The average score is 14 of 20
Answers on the Map
Answers color-coded by a green-red scale on the quiz's map according to % correct below.
 
Answer Stats
Answer % Correct
Greenland
99%
Sahara Desert
91%
Strait of Gibraltar
90%
Tasmania
88%
Black Sea
86%
Andes
84%
Mount Everest
79%
Lake Victoria
77%
Persian Gulf
69%
Galápagos Islands
68%
Lake Baikal
67%
Borneo
63%
Hudson Bay
61%
Lake Michigan
61%
Bay of Bengal
58%
Cape of Good Hope
58%
Kamchatka Peninsula
53%
Honshu
52%
Amazon River Delta
45%
Yellow Sea
36%
No matching quizzes found
Score Distribution
Percent of People with Each Score
Percentile by Number Answered
Your Score History
You have not taken this quiz